| 000 | 00430pam a2200181a 44500 | ||
|---|---|---|---|
| 008 | 230405s2011 xxu||||| |||| 00| 0 eng d | ||
| 041 | _aENG | ||
| 100 | _aSTEVENS RICHARD.W | ||
| 245 | _aUNIX NETWORK PROGRAMMING V-I | ||
| 250 | _a3RD | ||
| 260 |
_aNEW DELHI _bPHI LEARNING PUB _c2011 |
||
| 300 | _aP.B,XXIII,991 | ||
| 650 | _aETC | ||
| 690 | _aETC | ||
| 700 | _aRUDOFF ANDREW.M | ||
| 700 | _aFENNER BILL | ||
| 906 | _a4832 | ||
| 999 |
_c819027 _d819027 |
||